| 000 | 00951nam a22002537a 4500 | ||
|---|---|---|---|
| 005 | 20130717114322.0 | ||
| 010 | _aENG-105193 | ||
| 020 |
_a9781259003653 _c295.00 |
||
| 020 |
_a1259003655 _c295.00 |
||
| 035 | _aEN-88726 | ||
| 035 | _aB-492258-270 | ||
| 037 | _bDBAD/PUB | ||
| 037 |
_bBlue Berry/Ven _adpl |
||
| 082 | _a000 | ||
| 100 | _aUpadhyay, Meenakshi | ||
| 245 |
_aComprehension interpersonal & communication skills for general studies : _cby Meenakshi Upadhyay [and] Arun Sharma _bCivil Services Preliminary Examination paper II / |
||
| 260 |
_aNew Delhi _bTata McGraw Hill _c2012 |
||
| 270 |
_a7, West Patel Nagar _bNew Delhi _e110008 |
||
| 300 |
_avarious pagings _c27cm(pbk) |
||
| 490 | _aTata McGraw-Hill's winning edge series | ||
| 700 |
_aSharma, Arun _946277 |
||
| 942 |
_2ddc _cEN _mUPA _h000 |
||
| 999 |
_c66060 _d66060 |
||